| 000 | 00397cam a2200169ua 4500 | ||
|---|---|---|---|
| 020 | _cRs 5.00 | ||
| 041 |
_ahin _h |
||
| 082 |
_a891.43 _bNAN/GIL |
||
| 100 | _aNanna, Singh . | ||
| 245 |
_aGilla Baruemb / _cNanna Singh. _hTextual Documents |
||
| 260 |
_aDelhi : _bRajpal Yaik , _c1993. |
||
| 300 | _a334 ; . | ||
| 365 | _aRs 5.00 | ||
| 504 | _a | ||
| 942 | _cBK | ||
| 999 |
_c2587 _d2587 |
||